<?xml version="1.0" encoding="UTF-8"?>
<record
    xmlns:xsi="http://www.w3.org/2001/XMLSchema-instance"
    xsi:schemaLocation="http://www.loc.gov/MARC21/slim http://www.loc.gov/standards/marcxml/schema/MARC21slim.xsd"
    xmlns="http://www.loc.gov/MARC21/slim">

  <leader>00768cam a2200229   4500</leader>
  <controlfield tag="001">he 68002620 </controlfield>
  <controlfield tag="003">DLC</controlfield>
  <controlfield tag="005">20260227111502.0</controlfield>
  <controlfield tag="008">841201s1694    xx a          000 0 hebr </controlfield>
  <datafield tag="010" ind1=" " ind2=" ">
    <subfield code="a">he 68002620 </subfield>
  </datafield>
  <datafield tag="040" ind1=" " ind2=" ">
    <subfield code="a">DLC</subfield>
    <subfield code="c">DLC</subfield>
    <subfield code="d">DLC</subfield>
  </datafield>
  <datafield tag="050" ind1="0" ind2="0">
    <subfield code="a">BM522.94</subfield>
    <subfield code="b">.A32 1694</subfield>
  </datafield>
  <datafield tag="100" ind1="1" ind2=" ">
    <subfield code="a">&#x1E92;ahalon, Yom Tov ben Moses,</subfield>
    <subfield code="d">approximately 1559-approximately 1638.</subfield>
  </datafield>
  <datafield tag="240" ind1="1" ind2="0">
    <subfield code="a">She&#x2BC;elot u-teshuvot</subfield>
  </datafield>
  <datafield tag="245" ind1="1" ind2="0">
    <subfield code="a">Sefer She&#x2BC;elot u-teshuvot,</subfield>
    <subfield code="c">meha-tayar Yom &#x1E6C;ov Tsahalon.</subfield>
  </datafield>
  <datafield tag="260" ind1=" " ind2=" ">
    <subfield code="a">&#x1E7E;inizi&#x2BC;ah,</subfield>
    <subfield code="b">Stamperia Vendramin,</subfield>
    <subfield code="c">454 [1694]</subfield>
  </datafield>
  <datafield tag="300" ind1=" " ind2=" ">
    <subfield code="a">223, 25 l.</subfield>
    <subfield code="b">illus.</subfield>
    <subfield code="c">30 cm.</subfield>
  </datafield>
  <datafield tag="500" ind1=" " ind2=" ">
    <subfield code="a">"&#x1E24;idushe ezehu neshekh": 25 leaves at end.</subfield>
  </datafield>
  <datafield tag="650" ind1=" " ind2="0">
    <subfield code="a">Responsa</subfield>
    <subfield code="y">1600-1800.</subfield>
  </datafield>
  <datafield tag="630" ind1="0" ind2="0">
    <subfield code="a">Talmud.</subfield>
    <subfield code="p">Bava me&#x1E93;ia</subfield>
    <subfield code="x">Commentaries.</subfield>
  </datafield>
  <datafield tag="740" ind1="0" ind2=" ">
    <subfield code="a">She&#x2BC;elot u-teshuvot.</subfield>
  </datafield>
  <datafield tag="999" ind1=" " ind2=" ">
    <subfield code="c">33652</subfield>
    <subfield code="d">33652</subfield>
  </datafield>
</record>
